[Event "Meyreuil Promotion 0405"]
[Site "Meyreuil"]
[Date "2005.03.19"]
[Round "8"]
[White "Blondelon, Alain"]
[Black "Nakache, Jonathan"]
[Result "1-0"]
[WhiteElo "1590"]
[BlackElo "1610"]
[PlyCount "55"]
[EventDate "2004.10.16"]
[EventType "tourn"]
[EventRounds "9"]
[EventCountry "FRA"]
[SourceTitle "EXT 2008"]
[Source "ChessBase"]
[SourceDate "2007.11.25"]
[SourceVersion "1"]
[SourceVersionDate "2007.11.25"]
[SourceQuality "1"]

1. d4 d5 2. Nf3 Nf6 3. c3 Bf5 4. Bf4 e6 5. Qb3 Qc8 6. e3 Nbd7 7. Be2 c5 8. h3 Be7 9. 0-0 0-0 10. Nbd2 c4 11. Qd1 Ne4 12. Nxe4 Bxe4 13. Nh2 b5 14. f3 Bf5 15. Ng4 Bh4 16. Nf2 Qd8 17. g4 Bg6 18. Kg2 f5 19. Qd2 h5 20. Bg3 Bxg3 21. Kxg3 fxg4 22. hxg4 Rf6 23. g5 Rf5 24. f4 Qc7 25. Kg2 Kf7 26. Rh1 e5 27. dxe5 Nxe5 28. Qxd5+ 1-0

[Event "Meyreuil Promotion 0405"]
[Site "Meyreuil"]
[Date "2005.03.05"]
[Round "7"]
[White "Gozzo, Jean Claude"]
[Black "Blondelon, Alain"]
[Result "1-0"]
[WhiteElo "1590"]
[BlackElo "1590"]
[PlyCount "79"]
[EventDate "2004.10.16"]
[EventType "tourn"]
[EventRounds "9"]
[EventCountry "FRA"]
[SourceTitle "EXT 2008"]
[Source "ChessBase"]
[SourceDate "2007.11.25"]
[SourceVersion "1"]
[SourceVersionDate "2007.11.25"]
[SourceQuality "1"]

1. d4 Nf6 2. c4 g6 3. Nc3 Bg7 4. e4 d6 5. f3 0-0 6. Be3 e5 7. Nge2 Nc6 8. g4 exd4 9. Nxd4 Be6 10. Nxc6 bxc6 11. Qd2 Qb8 12. Be2 Re8 13. 0-0 Re7 14. Bg5 Re8 15. Rab1 Nd7 16. b3 f6 17. Be3 Ne5 18. h3 Qd8 19. f4 Nd7 20. Bf3 Nb6 21. e5 d5 22. cxd5 Nxd5 23. Nxd5 cxd5 24. exf6 Bxf6 25. Bd4 Bxd4+ 26. Qxd4 Qd7 27. Rbc1 c6 28. Rc3 Rec8 29. Rfc1 Qe8 30. Re1 Qd7 31. Qf6 Re8 32. Rce3 Bf7 33. Re7 Rxe7 34. Rxe7 Qxe7 35. Qxe7 Re8 36. Qxa7 Re1+ 37. Kf2 Rc1 38. Qb8+ Kg7 39. Qe5+ Kg8 40. Qb2 1-0

[Event "Meyreuil Promotion 0405"]
[Site "Meyreuil"]
[Date "2005.01.30"]
[Round "6"]
[White "Blondelon, Alain"]
[Black "Mallet, Bruno"]
[Result "0-1"]
[WhiteElo "1590"]
[BlackElo "1520"]
[PlyCount "60"]
[EventDate "2004.10.16"]
[EventType "tourn"]
[EventRounds "9"]
[EventCountry "FRA"]
[SourceTitle "EXT 2008"]
[Source "ChessBase"]
[SourceDate "2007.11.25"]
[SourceVersion "1"]
[SourceVersionDate "2007.11.25"]
[SourceQuality "1"]

1. d4 d5 2. Nf3 Bf5 3. e3 e6 4. Nbd2 Nf6 5. c3 Be7 6. Qb3 Qc8 7. Be2 0-0 8. 0-0 c6 9. Qd1 Nbd7 10. Nh4 Be4 11. Nxe4 Nxe4 12. Nf3 Qc7 13. Bd3 Bd6 14. h3 f5 15. Bxe4 fxe4 16. Ne1 Rf6 17. f4 Nb6 18. Qe2 Qf7 19. Rf2 Rf8 20. Nc2 Rh6 21. Bd2 Qg6 22. Kh1 Rf5 23. Rg1 Rfh5 24. Qf1 Qg3 25. Qe2 Nc4 26. Bc1 g5 27. b3 g4 28. bxc4 gxh3 29. gxh3 Rxh3+ 30. Rh2 Rxh2+ 0-1

[Event "Meyreuil Promotion 0405"]
[Site "Meyreuil"]
[Date "2004.11.27"]
[Round "3"]
[White "Blondelon, Alain"]
[Black "Kolb, Sebastien"]
[Result "0-1"]
[WhiteElo "1590"]
[BlackElo "2040"]
[PlyCount "98"]
[EventDate "2004.10.16"]
[EventType "tourn"]
[EventRounds "9"]
[EventCountry "FRA"]
[SourceTitle "EXT 2008"]
[Source "ChessBase"]
[SourceDate "2007.11.25"]
[SourceVersion "1"]
[SourceVersionDate "2007.11.25"]
[SourceQuality "1"]

1. Nf3 g6 2. d4 Bg7 3. c3 d6 4. Nbd2 e5 5. e3 f5 6. e4 Nc6 7. dxe5 dxe5 8. Qc2 Qe7 9. Bd3 f4 10. h3 Bd7 11. Nb3 g5 12. Bd2 h5 13. 0-0-0 0-0-0 14. Rdf1 Nh6 15. Ne1 g4 16. hxg4 hxg4 17. Be2 Nf7 18. Kb1 Ng5 19. Bc1 Be6 20. f3 g3 21. Nd3 Kb8 22. Ndc5 Bc8 23. Bb5 Na5 24. Be2 Nxb3 25. Nxb3 Bf6 26. Nd2 Qc5 27. Rhg1 Be6 28. Nb3 Qb6 29. c4 Be7 30. Bd2 Bb4 31. Bxb4 Qxb4 32. Bd3 Rxd3 33. Qxd3 Bxc4 34. Qd7 Bxf1 35. Rxf1 Qd6 36. Qb5 a6 37. Qe2 Rd8 38. Kc1 Qd3 39. Qxd3 Rxd3 40. Rd1 Rxd1+ 41. Kxd1 Nxf3 42. Nc5 Ng5 43. Ke2 Kc8 44. Nd3 Nf7 45. Kf3 Kd7 46. Nxf4 exf4 47. Kxf4 Ke6 48. Kxg3 Ke5 49. Kf3 Ng5+ 0-1

[Event "Meyreuil Promotion 0405"]
[Site "Meyreuil"]
[Date "2004.11.13"]
[Round "2"]
[White "Alpe, Jean Charles"]
[Black "Blondelon, Alain"]
[Result "1/2-1/2"]
[WhiteElo "1490"]
[BlackElo "1590"]
[PlyCount "44"]
[EventDate "2004.10.16"]
[EventType "tourn"]
[EventRounds "9"]
[EventCountry "FRA"]
[SourceTitle "EXT 2008"]
[Source "ChessBase"]
[SourceDate "2007.11.25"]
[SourceVersion "1"]
[SourceVersionDate "2007.11.25"]
[SourceQuality "1"]

1. e4 c5 2. c4 Nc6 3. g3 Nf6 4. Bg2 e6 5. Nc3 Be7 6. Nge2 d6 7. 0-0 0-0 8. d3 a6 9. f4 Qc7 10. h3 e5 11. Nd5 Nxd5 12. exd5 Nd4 13. fxe5 Nxe2+ 14. Qxe2 dxe5 15. Bd2 Bd6 16. g4 f5 17. gxf5 Bxf5 18. Rf2 Bg6 19. Raf1 Rxf2 20. Rxf2 Rf8 21. Rxf8+ Bxf8 22. Be4 Qd6 1/2-1/2

[Event "Bouches du Rhone-ch 0203"]
[Site "Provence"]
[Date "2003.03.01"]
[Round "6"]
[White "Blondelon, Alain"]
[Black "Cipriani, Pierre"]
[Result "1-0"]
[WhiteElo "1720"]
[BlackElo "1880"]
[PlyCount "59"]
[EventDate "2002.10.??"]
[EventType "swiss"]
[EventRounds "9"]
[EventCountry "FRA"]
[SourceTitle "EXT 2005"]
[Source "ChessBase"]
[SourceDate "2004.11.15"]
[SourceVersion "1"]
[SourceVersionDate "2004.11.15"]
[SourceQuality "1"]

1. Nf3 c5 2. c3 Nf6 3. e3 e6 4. d4 Be7 5. Bd3 b6 6. Nbd2 Bb7 7. Qe2 Nc6 8. 0-0 0-0 9. Ba6 Qc7 10. Bxb7 Qxb7 11. e4 h6 12. Re1 d6 13. e5 Nd5 14. Ne4 dxe5 15. dxe5 Rad8 16. Ng3 f6 17. exf6 Rxf6 18. Nh5 Rg6 19. Qe4 Kf7 20. c4 Ndb4 21. Ne5+ Nxe5 22. Qxb7 Rd7 23. Qe4 Nbd3 24. Rf1 Rd4 25. Qe2 Nxc4 26. Be3 Rd5 27. Nf4 Nxf4 28. Bxf4 Rd4 29. Be3 Re4 30. Qf3+ 1-0